OECD Countries with the most Single Mothers - Statistics

General Stats
  • This quiz has been taken 426 times
  • The average score is 8 of 14
Answer Stats
% Single Mother Country % Correct
23 United States
97%
26 United Kingdom
93%
16 Canada
86%
19 France
86%
17 Germany
83%
17 Mexico
74%
16 Ireland
62%
23 Denmark
51%
16 Czech republic
33%
18 Hungary
29%
22 Estonia
27%
23 Latvia
27%
25 Lithuania
26%
16 Malta
9%
No matching quizzes found
Score Distribution
Percent of People with Each Score
Percentile by Number Answered
Your Score History
You have not taken this quiz